Improved tissue culture response of an elite maize inbred through backcross breeding, and identification of chromosomal regions important for regeneration by RFLP analysis (Record no. 60854)

MARC details
000 -LEADER
fixed length control field 00565nam a2200169Ia 4500
100 ## - MAIN ENTRY--AUTHOR NAME
Personal name Armstrong
245 #0 - TITLE STATEMENT
Title Improved tissue culture response of an elite maize inbred through backcross breeding, and identification of chromosomal regions important for regeneration by RFLP analysis
260 ## - PUBLICATION, DISTRIBUTION, ETC. (IMPRINT)
Name of publisher Theoretical and applied genetics
Year of publication 1992
300 ## - PHYSICAL DESCRIPTION
Number of Pages 755-62
650 ## - SUBJECT ADDED ENTRY--TOPICAL TERM
Topical Term RFLP
650 ## - SUBJECT ADDED ENTRY--TOPICAL TERM
Topical Term Tissue culture
650 ## - SUBJECT ADDED ENTRY--TOPICAL TERM
Topical Term Zea mays L
700 ## - ADDED ENTRY--PERSONAL NAME
Personal name Hodeges T K
700 ## - ADDED ENTRY--PERSONAL NAME
Personal name Romero-Severson J
942 ## - ADDED ENTRY ELEMENTS (KOHA)
Koha item type Journals
100 ## - MAIN ENTRY--AUTHOR NAME
-- C L
Holdings
Withdrawn status Lost status Damaged status Not for loan Home library Current library Date acquired Serial Enumeration / chronology Koha item type
      Journals RRII Library RRII Library 17/12/2021 Volume 84, Issue 06-May Journals